|
|
|
|
| LEADER |
01830nam a2200505 i 4500 |
| 001 |
nkc20213346341 |
| 003 |
CZ PrNK |
| 005 |
20211025140554.0 |
| 007 |
ta |
| 008 |
210811s2020 xr a a 000 j slo |
| 015 |
|
|
|a cnb003346341
|
| 020 |
|
|
|a 978-80-255-1264-7
|q (vázáno)
|
| 035 |
|
|
|a (OCoLC)1284974099
|
| 040 |
|
|
|a ABG001
|b cze
|e rda
|
| 041 |
1 |
|
|a slo
|h eng
|
| 072 |
|
7 |
|a 821-93
|x Literatura pro děti a mládež (beletrie)
|2 Konspekt
|9 26
|
| 080 |
|
|
|a 821-32
|2 MRF
|
| 080 |
|
|
|a 821-93
|2 MRF
|
| 080 |
|
|
|a (0:82-32)
|2 MRF
|
| 080 |
|
|
|a (0.025.2)
|2 MRF
|
| 100 |
1 |
|
|a Zhing, Amy
|7 ola20211098817
|4 ill
|
| 245 |
1 |
0 |
|a Kúzelný jednorožec /
|c ilustrácie: Amy Zhingová ; preklad: Jana Chrtianska
|
| 250 |
|
|
|a 1. vydanie
|
| 264 |
|
1 |
|a Praha :
|b Rebo International,
|c 2020
|
| 300 |
|
|
|a 10 nečíslovaných stran :
|b barevné ilustrace ;
|c 18 cm
|
| 336 |
|
|
|a text
|b txt
|2 rdacontent
|
| 336 |
|
|
|a statický obraz
|b sti
|2 rdacontent
|
| 337 |
|
|
|a bez média
|b n
|2 rdamedia
|
| 338 |
|
|
|a svazek
|b nc
|2 rdacarrier
|
| 500 |
|
|
|a Přeloženo z angličtiny
|
| 500 |
|
|
|a Obálkový podnázev: stlač tlačidlo a vypočuj si ma
|
| 500 |
|
|
|a Kartonové listy se zvukovým modulem
|
| 520 |
2 |
|
|a Krátký příběh z pohádkové země víl a jednorožců v knížce s pevnými listy a zvukovým tlačítkem.
|
| 655 |
|
7 |
|a příběhy
|7 fd133204
|2 czenas
|
| 655 |
|
7 |
|a leporela
|7 fd132727
|2 czenas
|
| 655 |
|
7 |
|a publikace pro děti
|7 fd133156
|2 czenas
|
| 655 |
|
9 |
|a stories
|2 eczenas
|
| 655 |
|
9 |
|a folding picture-books
|2 eczenas
|
| 655 |
|
9 |
|a children's literature
|2 eczenas
|
| 700 |
1 |
|
|a Chrtianska, Jana
|7 ola20191051979
|4 trl
|
| 910 |
2 |
|
|a BOA001
|b 1-1466.926
|
| 990 |
|
|
|a BK
|
| 995 |
|
|
|a 01
|
| 991 |
|
|
|b 202108
|c NOV
|
| 996 |
6 |
|
|b 2610875504
|c 1-1466.926
|l MZK
|r Sklad / do 1 hodiny
|n 0
|p p.v.
|w 001860613
|u 000010
|a 1
|e BOA001
|j MZK50
|s P
|